Progress in chromatography 1938 - 1947
Uloženo v:
| Hlavní autor: | |
|---|---|
| Médium: | Kniha |
| Jazyk: | angličtina |
| Vydáno: |
Nueva York
John Wiley
1950
|
| Témata: | |
| Tagy: |
Přidat tag
Žádné tagy, Buďte první, kdo vytvoří štítek k tomuto záznamu!
|
MARC
| LEADER | 00000nam a2200000 a 4500 | ||
|---|---|---|---|
| 001 | UCU3809 | ||
| 003 | CL-VaPUC | ||
| 008 | 960510e19500000US |||||||||||||||||eng|d | ||
| 082 | 0 | 4 | |a 543.089 |b ZEC |2 21 |
| 100 | 0 | |a Zechmeister, L |e author |9 360957 | |
| 245 | 1 | 0 | |a Progress in chromatography 1938 - 1947 |
| 300 | |a 368 p | ||
| 942 | |c BK | ||
| 945 | |d 19960510 00:00:00 |a paguirre | ||
| 260 | |a Nueva York |b John Wiley |c 1950 | ||
| 650 | 0 | |a Cromatografía |9 263967 | |
| 650 | 0 | |a Absorción |9 306982 | |
| 650 | 7 | |a COLORMETRIA |2 CL-VaPUC |9 360780 | |
| 650 | 0 | |a Tecnología química |9 263002 | |
| 650 | 0 | |a Enzimas |9 262984 | |
| 650 | 0 | |a Aminoácidos |9 259616 | |
| 583 | |a last modification |c 19960510 00:00:00 |k Rodrigo Vera | ||
| 999 | |c 247690 |d 247688 | ||